Statistiken für Geometrische Formen

Klicken Sie hier um das Quiz zu spielen!

Allgemein

  • Dieses Quiz wurde 1.050 mal gespielt
  • Das Durchschnittsergebnis liegt bei 16 aus 19

Antwortstatistiken

Antwort% Korrekt
Kreis
100%
Dreieck
99%
Quadrat
99%
Stern
99%
Würfel
99%
Rechteck
98%
Fünfeck / Pentagon
95%
Halbkreis
95%
Sechseck / Hexagon
93%
Zylinder
93%
Achteck / Oktagon
91%
Kegel
91%
Trapez
85%
Parallelogramm
80%
Raute
79%
Quader
70%
Ellipse
68%
Tetraeder
28%
Oktaeder
22%

Verteilung der Resultate

Perzentil nach korrekt beantworteten Fragen

Anzahl Personen mit jedem Resultat

Ihre Resultats-Entwicklung

Sie haben dieses Quiz noch nicht gespielt